000 00659cam a2200229 4500500
005 20260405000813.0
041 _afre
042 _adc
100 1 0 _aDuru, Martin
_eauthor
245 0 0 _aLou andreas-Salomé. Une vie faite œuvre d’art
260 _c2009.
500 _a34
690 _aEnfance
690 _aFéminité
690 _aIndividualité
690 _aMariage
690 _aMaternité
690 _aMonde
690 _aSpiritualité
786 0 _nPhilosophie magazine | 31 | 7 | 2009-07-01 | p. 37-37 | 1951-1787
856 4 1 _uhttps://shs.cairn.info/magazine-philosophie-magazine-2009-7-page-37?lang=fr&redirect-ssocas=7080
999 _c2040928
_d2040928